[Event "Grenzturnering 1314"]
[Site "Denmark"]
[Date "2013.11.25"]
[Round "3"]
[White "Jensen, Scot Wolfgang"]
[Black "Knott, Richard"]
[Result "0-1"]
[WhiteElo "1439"]
[BlackElo "1791"]
[PlyCount "88"]
[EventDate "2013.09.24"]
[EventType "swiss"]
[EventRounds "7"]
[EventCountry "DEN"]
[SourceTitle "EXT 2023"]
[Source "ChessBase"]
[SourceDate "2022.10.05"]
[SourceVersion "1"]
[SourceVersionDate "2022.10.05"]
[SourceQuality "1"]

1. e4 e6 2. Nc3 d5 3. exd5 exd5 4. Nf3 c6 5. h3 Bd6 6. d4 Ne7 7. Bd3 0-0 8. Bxh7+ Kxh7 9. Ng5+ Kg8 10. Qh5 Bf5 11. Be3 Bxc2 12. f3 Nd7 13. Nce4 Bxe4 14. fxe4 Nf6 15. Qh4 dxe4 16. 0-0 Ng6 17. Qe1 Qc7 18. Qe2 Rae8 19. Rf5 Nf4 20. Qd2 N4d5 21. Raf1 Qe7 22. h4 Bg3 23. Nh3 Nxe3 24. Qxe3 Qd6 25. h5 Ng4 26. Qg5 Nh6 27. Rf6 Qxd4+ 28. Kh1 Qe5 29. R6f5 Nxf5 30. Rxf5 Bh4 31. Qg4 Qg3 32. Qxg3 Bxg3 33. Rg5 Bc7 34. h6 g6 35. Ng1 Bf4 36. Ra5 a6 37. g4 Bxh6 38. Ne2 Bg7 39. b3 Re5 40. Ra4 Rfe8 41. Rc4 Rg5 42. Kg2 Rxg4+ 43. Kh3 f5 44. Rc1 Kf7 0-1

[Event "Logumkloster-chB"]
[Site "Logumkloster"]
[Date "2012.04.17"]
[Round "3"]
[White "Jensen, Scot Wolfgang"]
[Black "Madsen, Nis H"]
[Result "0-1"]
[WhiteElo "1497"]
[BlackElo "1425"]
[PlyCount "135"]
[EventDate "2012.03.27"]
[EventType "swiss"]
[EventRounds "5"]
[EventCountry "DEN"]
[SourceTitle "EXT 2023"]
[Source "ChessBase"]
[SourceDate "2022.10.05"]
[SourceVersion "1"]
[SourceVersionDate "2022.10.05"]
[SourceQuality "1"]

1. e4 c5 2. Nc3 Nc6 3. Nf3 d6 4. h3 Nf6 5. d4 cxd4 6. Nxd4 e5 7. Nxc6 bxc6 8. Bg5 Be7 9. Qf3 0-0 10. Bc4 Be6 11. Bb3 Rb8 12. Be3 c5 13. Bxe6 fxe6 14. Bc1 Qa5 15. Qd3 d5 16. 0-0 c4 17. Qe2 d4 18. Nd1 Qc5 19. Kh1 Qc6 20. Re1 Bb4 21. Rf1 Nxe4 22. a3 Bd6 23. Qg4 Rf6 24. f3 Rf5 25. Bh6 g6 26. Re1 Nf6 27. Qh4 e4 28. Nf2 exf3 29. g3 Re8 30. g4 g5 31. Bxg5 Rxg5 32. Qxg5+ Kf7 33. b4 Bg3 34. Rf1 Bxf2 35. Rxf2 e5 36. Qf5 Kg7 37. Qxf3 Qxf3+ 38. Rxf3 e4 39. Rf5 d3 40. cxd3 cxd3 41. Kg2 d2 42. Kf1 e3 43. Ke2 Rd8 44. Rxf6 Kxf6 45. Rd1 Re8 46. a4 h6 47. b5 Re5 48. h4 Ke6 49. Rb1 Rc5 50. Rd1 Rc1 51. a5 Rc5 52. b6 axb6 53. axb6 Rb5 54. Kxe3 Rxb6 55. Rxd2 Kf6 56. Rf2+ Kg6 57. Rf8 Rb3+ 58. Kd4 Kg7 59. Ra8 Rb4+ 60. Kd5 Rb6 61. Ra7+ Kg6 62. Rc7 Rf6 63. Ke5 Ra6 64. Kf4 Ra4+ 65. Kf3 Ra5 66. Kg3 Ra3+ 67. Kf4 Ra6 68. Rc8 0-1